[Event "3. Open Pueblo Nuevo"]
[Site "Madrid ESP"]
[Date "2006.10.29"]
[Round "9.6"]
[White "Holdsworth, Simon Paul"]
[Black "Ruiz Quevedo, Andres"]
[Result "1-0"]
[WhiteElo "2072"]
[BlackElo "1879"]
[PlyCount "111"]
[EventDate "2006.10.06"]
[EventType "swiss"]
[EventRounds "9"]
[EventCountry "ESP"]
[Source "lmi"]
[SourceDate "2006.10.06"]

1. f4 Nf6 2. Nf3 c5 3. e3 Nc6 4. Be2 g6 5. O-O Bg7 6. d3 O-O 7. Nc3 d5 8. Na4
b6 9. Rb1 Bb7 10. a3 Qc7 11. d4 cxd4 12. exd4 Rac8 13. Nc3 Rfd8 14. Ne5 Ne4 15.
Nxe4 dxe4 16. Nxc6 Bxc6 17. c3 e5 18. fxe5 Bxe5 19. h3 f5 20. Bg5 Rd7 21. Bc4+
Bd5 22. Bxd5+ Rxd5 23. Qb3 Bh2+ 24. Kh1 Qd6 25. Be7 Qe6 26. Kxh2 Kg7 27. Bg5 h6
28. Bf4 g5 29. Be5+ Kg6 30. Rbe1 Rxe5 31. Qc2 Rd5 32. Qf2 f4 33. Qe2 Re8 34.
Qc2 Kg7 35. Qf2 Rf5 36. Qe2 Re7 37. Qg4 Qg6 38. Qe2 Qf7 39. c4 Qf6 40. d5 Qd6
41. Kh1 Rff7 42. Qd2 Rf5 43. Qd4+ Qe5 44. Rxe4 Qxd4 45. Rxd4 Rfe5 46. d6 Rd7
47. b4 Kf6 48. Rc1 f3 49. gxf3 Re2 50. c5 bxc5 51. bxc5 Ke5 52. c6 Rf7 53. c7
Kxd4 54. c8=Q Rxf3 55. Qc5+ Kd3 56. Rc3+ 1-0

[Event "3. Open Pueblo Nuevo"]
[Site "Madrid ESP"]
[Date "2006.10.29"]
[Round "9.7"]
[White "Martinez Garcia, Felipe"]
[Black "Prieto Honorato, Jose Carlos"]
[Result "0-1"]
[WhiteElo "2028"]
[BlackElo "1971"]
[PlyCount "76"]
[EventDate "2006.10.06"]
[EventType "swiss"]
[EventRounds "9"]
[EventCountry "ESP"]
[Source "lmi"]
[SourceDate "2006.10.06"]

1. e4 d6 2. c3 g6 3. d4 Bg7 4. f4 Nf6 5. e5 Nd5 6. c4 Nb6 7. Nf3 Bg4 8. h3 Bf5
9. Nc3 O-O 10. Be2 c5 11. d5 a6 12. O-O Qc7 13. a4 h6 14. Bd2 Bc8 15. Bd3 e6
16. a5 N6d7 17. dxe6 fxe6 18. exd6 Qxd6 19. Bxg6 e5 20. Nd5 Nc6 21. f5 Ne7 22.
Nxe7+ Qxe7 23. Nh2 Nf6 24. Ng4 Nxg4 25. hxg4 e4 26. Be3 Rd8 27. Qc1 Rd3 28. f6
Bxf6 29. Rxf6 Qxf6 30. Bxe4 Rb3 31. Bxc5 Bxg4 32. Qd2 Rd8 33. Bd5+ Rxd5 34.
Qxd5+ Qe6 35. Qd8+ Kh7 36. Rf1 Bf5 37. Bd4 Rd3 38. Qc7+ Kg6 0-1

[Event "3. Open Pueblo Nuevo"]
[Site "Madrid ESP"]
[Date "2006.10.29"]
[Round "9.8"]
[White "Gomez Ferrer, Jesus"]
[Black "Alonso Abad, Enrique"]
[Result "1-0"]
[WhiteElo "1892"]
[BlackElo "2132"]
[PlyCount "115"]
[EventDate "2006.10.06"]
[EventType "swiss"]
[EventRounds "9"]
[EventCountry "ESP"]
[Source "lmi"]
[SourceDate "2006.10.06"]

1. e4 e6 2. d4 d5 3. e5 c5 4. dxc5 Nc6 5. Nf3 Bxc5 6. Bd3 Nge7 7. O-O Ng6 8.
Qe2 Qc7 9. Re1 Bd7 10. c3 Rc8 11. b4 Be7 12. Bd2 a6 13. a4 O-O 14. Na3 Nd8 15.
Nc2 Be8 16. h4 f6 17. g3 Nxe5 18. Nxe5 fxe5 19. Qxe5 Bd6 20. Qg5 Qf7 21. Rf1 e5
22. Ne3 Bd7 23. Ng4 Bxg4 24. Qxg4 Nc6 25. b5 axb5 26. axb5 Ne7 27. Kg2 h5 28.
Qe2 e4 29. Bc2 Qg6 30. Bg5 Rxc3 31. Rad1 Qf7 32. Bxe4 dxe4 33. Rxd6 Nf5 34.
Rdd1 Qe6 35. Rfe1 Re8 36. Qxh5 Rc2 37. Qxe8+ Qxe8 38. Rd8 Qxd8 39. Bxd8 e3 40.
Bb6 Rxf2+ 41. Kh3 Rf3 42. Kg4 Rf2 43. Bxe3 Nxe3+ 44. Rxe3 Rb2 45. Re5 Kf7 46.
Kg5 Rb3 47. g4 Rb4 48. h5 b6 49. Kf5 Rb1 50. Rd5 Rf1+ 51. Kg5 Rf6 52. Rf5 Rxf5+
53. Kxf5 Ke7 54. Kg6 Kf8 55. h6 Kg8 56. g5 Kh8 57. hxg7+ Kg8 58. Kh6 1-0